| 000 | 00535nam a22001937a 4500 | ||
|---|---|---|---|
| 005 | 20260422085725.0 | ||
| 008 | 260422b |||||||| |||| 00| 0 eng d | ||
| 020 |
_a978-81-910690-2-0 _c330.00 |
||
| 040 | _aMAIN | ||
| 041 | _aeng | ||
| 082 |
_a320.95404 _bPAU. |
||
| 100 |
_aPaul, Kripesh Chandra _dPaul, Nita |
||
| 245 |
_aPolitics In India Since Independence _cBy Kripesh Chandra Paul |
||
| 250 | _a1st ed. | ||
| 260 |
_aGuwahati: _bArun Prakashan; _c2025 |
||
| 300 | _a199p. | ||
| 650 | _aPolitical Science | ||
| 942 |
_2ddc _cBK |
||
| 999 |
_c16404 _d16404 |
||